000 01551cam a2200337 a 4500
999 _c744
_d744
001 2112020
003 OSt
005 20191206091822.0
008 180712s2017 enka 000 0 eng
010 _a2017492495
020 _a9780857524195
_q(pbk.) :
020 _a0857524194
_q(pbk.)
040 _aDLC
_beng
_cKH8
041 1 _aeng
_hjpn
042 _anbic
082 _aFIC ARI
100 1 _aArikawa, Hiro,
_d1972-
_eauthor
245 1 0 _aThe Travelling cat chronicles /
_cHiro Arikawa ; translated from the Japanese by Philip Gabriel.
260 _aLondon :
_bDoubleday,
_c2017.
300 _a246 p. :
_bill. ;
_c20 cm.
500 _aFirst published in Japan in 2015.
520 _aNana is on a road trip, but he is not sure where he is going. All that matters is that he can sit beside his beloved owner Satoru in the front seat of his silver van. Satoru is keen to visit three old friends from his youth, though Nana doesn't know why and Satoru won't say. Set against the backdrop of Japan's changing seasons and narrated with a rare gentleness and striking humour, Nana's story explores the wonder and thrill of life's unexpected detours. It is about the value of friendship and solitude, and knowing when to give and when to take.
546 _aTranslated from the Japanese.
650 0 _aHuman-animal relationships
_xFiction.
650 0 _aCats
_xFiction.
650 0 _aAutomobile travel
_vFiction.
650 0 _aSolitude
_vFiction.
651 0 _aJapan
_xFiction.
700 1 _aGabriel, Philip,
_d1953-
_eTranslator
942 _2ddc
_cFIC